|
|
|
|
| LEADER |
01943nam a2200325 a 4500 |
| 001 |
c000326857 |
| 003 |
CARM |
| 005 |
20000503203230.0 |
| 008 |
750610s1976 ohua b 011 0 eng |
| 010 |
|
|
|a 75019099
|
| 019 |
1 |
|
|a 740458
|5 LACONCORD2021
|
| 020 |
|
|
|a 0814201946
|
| 035 |
|
|
|a (OCoLC)1502550
|5 LACONCORD2021
|
| 040 |
|
|
|a LC
|b eng
|c LC
|d ABN-SNR
|
| 050 |
0 |
0 |
|a HG229
|b .I46
|
| 082 |
0 |
0 |
|a 332.4/1
|
| 082 |
0 |
4 |
|a 332.4/1
|
| 245 |
0 |
0 |
|a Inflation, trade, and taxes :
|b essays in honor of Alice Bourneuf /
|c edited by David A. Belsley ... [et al.].
|
| 260 |
|
|
|a Columbus :
|b Ohio State University Press,
|c c1976.
|
| 300 |
|
|
|a 252 p. :
|b ill. ;
|c 24 cm.
|
| 504 |
|
|
|a Includes bibliographies and index.
|
| 505 |
0 |
|
|a Inflation: Solow, R. M. Down the Phillips curve with gun and camera. Lerner, A. P. Wages, profits, and marginal analysis. Esposito, F. F. and Esposito, L. Industry price changes, market structure, and inflation. Belsley, D. A. United States silver coinage.--Trade: Caves, R. E. Looking at inflation in the open economy. Samuelson, P. A. Illogic of neo-Marxian doctrine of unequal exchange. Hinshaw, R. Devaluation and absorption. Triffin, R. Basic considerations on international monetary reform. Montgomery, S. United States direct investment in Europe and Canada, 1955-1970. Erichsen, E. Norway, twenty years after the Marshall Plan.--Taxes: Musgrave, R. A. Taxation, inflation, and growth. Friedlaender, A. F. Absolute poverty and macroeconomic activity. Kane, E. J. A cross-section study of tax avoidance by large commercial banks.
|
| 650 |
|
0 |
|a Inflation (Finance)
|
| 650 |
|
0 |
|a Commerce.
|
| 650 |
|
0 |
|a Taxation.
|
| 700 |
1 |
|
|a Belsley, David A.
|
| 700 |
1 |
|
|a Bourneuf, Alice.
|
| 852 |
8 |
|
|b CARM
|h A1:AL23E0
|i C10597
|p 0487252
|f BK
|
| 999 |
f |
f |
|i b5bd38a7-fb9b-5708-8d7a-78af7ee7997d
|s eef2109d-cc03-52d4-bc48-c38dc1a3249e
|
| 952 |
f |
f |
|p Can circulate
|a CAVAL
|b CAVAL
|c CAVAL
|d CARM 1 Store
|e C10597
|f A1:AL23E0
|h Other scheme
|i book
|m 0487252
|